00742nam a2200181 a 450000100100000000500170001000800410002702000180006804000250008608200150011110000280012624500480015426000450020230000240024750000790027195201930035099900170054300004635620201002052818.0150803s2007 dr 000 0 spa d a9789993497738 aDO-SdBNPbspacBNPHU axxxxbxxxx1 aKingsley, Vilena97438510aPabellón del silencio /cVilena Kingsley. aSanto Domingo :bDelfos Editores,c2007. av, 188 p. ;c20 cm. aIncluye datos biográficos de la autora en la solapa de la contracubierta 0010718PDaPDbPDcCTd2015-08-03iLF1l0oxxxx xxxxp46356-10r2020-06-25w2020-06-25yLFPDzPërteneció a la biblioteca personal de Chiqui Vicioso / Fidelio Despradel.ZNo se presta c45845d45845